ბათუმის შოთა რუსთაველის სახელმწიფო უნივერსიტეტის ბიბლიოთეკა

Exploring the Dynamics of Multilingualism / (ბიბ.ჩანაწერი № 62743)

000 -LEADER
fixed length control field 00874nam a22002057a 4500
005 - DATE AND TIME OF LATEST TRANSACTION
control field 20250204155903.0
008 - FIXED-LENGTH DATA ELEMENTS--GENERAL INFORMATION
fixed length control field 250204s2013 enk||||| |||| 00| 0 eng d
020 ## - INTERNATIONAL STANDARD BOOK NUMBER
International Standard Book Number 9789027200563x
041 ## - LANGUAGE CODE
Language code of text/sound track or separate title eng
080 ## - UNIVERSAL DECIMAL CLASSIFICATION NUMBER
Universal Decimal Classification number 81 E-97
245 ## - TITLE STATEMENT
Title Exploring the Dynamics of Multilingualism /
Statement of responsibility, etc. Editor by Anne-Claude Berthoud, François Grin, Georges Lüdi.
264 ## - PRODUCTION, PUBLICATION, DISTRIBUTION, MANUFACTURE, AND COPYRIGHT NOTICE
Place of production, publication, distribution, manufacture Philadelphia :
Name of producer, publisher, distributor, manufacturer John Benjamins Publishing Company,
Date of production, publication, distribution, manufacture, or copyright notice 2013.
300 ## - PHYSICAL DESCRIPTION
Extent 440 p.;
Other physical details 25 cm.
440 ## - SERIES STATEMENT/ADDED ENTRY--TITLE
Title (Multilingualism and Diversity Management) 2
9 (RLIN) 24252
653 ## - INDEX TERM--UNCONTROLLED
keyword მულტილინგვიზმის დინამიკის შესწავლა
700 ## - ADDED ENTRY--PERSONAL NAME
Personal name Claude Berthoud, Anne
Relator term რედაქტორი
9 (RLIN) 24249
700 ## - ADDED ENTRY--PERSONAL NAME
Personal name Grin, François
Relator term რედაქტორი
9 (RLIN) 24250
700 ## - ADDED ENTRY--PERSONAL NAME
Personal name Lüdi, Georges
Relator term რედაქტორი
9 (RLIN) 24251
942 ## - ADDED ENTRY ELEMENTS (KOHA)
Source of classification or shelving scheme
Koha item type წიგნი
ეგზემპლარები
Withdrawn status Lost status Source of classification or shelving scheme Damaged status Not for loan Permanent Location Current Location Shelving location Date acquired Cost, normal purchase price Full call number Barcode Date last seen Copy number Price effective from Koha item type Public note
          ბათუმის შოთა რუსთაველის სახელმწიფო უნივერსიტეტის მთავარი ბიბლიოთეკა ბათუმის შოთა რუსთაველის სახელმწიფო უნივერსიტეტის მთავარი ბიბლიოთეკა წიგნსაცავი 2025-02-04 10.00 81 E-97 70547 2025-02-04 70547 2025-02-04 წიგნი 10 ლ.